History Quiz

Random History or War Quiz

'Tear Down This Wall!' Quiz Stats

 Plays Quiz Updated Jun 13, 2017

Support Sporcle.
Go Orange.
Score 0/88 Timer 08:00
0 Plays Today
% Correct
wall!
93.4%
down
93%
this
92.8%
this
92.8%
this
92.8%
tear
92.5%
Mr.
83.6%
Mr.
83.6%
go
82.9%
the
81.3%
the
81.3%
the
81.3%
the
81.3%
the
81.3%
Gorbachev,
79.9%
Gorbachev,
79.9%
Gorbachev,
79.9%
We
72.7%
we
72.7%
to
66.3%
be
63.5%
and
62%
and
62%
and
62%
and
62%
you
58.7%
you
58.7%
you
58.7%
is
57.3%
of
50.3%
% Correct
of
50.3%
of
50.3%
for
48.1%
for
48.1%
can
46.3%
can
46.3%
that
40.8%
that
40.8%
that
40.8%
that
40.8%
freedom
40.2%
freedom
40.2%
if
39.4%
if
39.4%
if
39.4%
Soviet
36.6%
peace.
36.3%
peace.
36.3%
peace,
36.3%
here
35.7%
world
35%
Union
34.2%
come
30.1%
There
28.5%
one
23.7%
Europe,
22.9%
liberty
22.2%
open
22.1%
gate.
21.8%
gate.
21.8%
% Correct
together,
21.7%
would
21.7%
would
21.7%
believe
18.5%
eastern
16.6%
seek
16.3%
seek
16.3%
seek
16.3%
prosperity
15.3%
make
14.9%
only
14.1%
Secretary
13.2%
change
12%
human
11.5%
General
11.2%
cause
11%
cause
11%
security
9.9%
welcome
9.9%
Soviets
9.3%
openness;
9.1%
sign
8.5%
advance
8.3%
advance
8.3%
liberalization,
8%
unmistakable,
7.1%
strengthen
6.6%
dramatically
6.4%

You're not logged in!

Compare scores with friends on all Sporcle quizzes.
OR
Log In
Forgot?

From the Vault

Anything but Europe

by Mateo56

In this quiz, it's best to pretend that the countries of Europe just don't exist.
Remove Ads.
Support Sporcle.
Get the best of Sporcle when you Go Orange. This ad-free experience offers more features, more stats, and more fun while also helping to support Sporcle. Thank you for becoming a member.

Show Comments

Extras

Top Quizzes Today


Score Distribution

Your Account Isn't Verified!

In order to create a playlist on Sporcle, you need to verify the email address you used during registration. Go to your Sporcle Settings to finish the process.

Report this User

Report this user for behavior that violates our Community Guidelines.

Details: